000 00223nam a2200085Ia 4500
008 120527s9999 xx 000 0 und d
100 _aDiggory, S.F
245 _aLearning disabilities: A psychological perspective
942 _cBK
999 _c27388
_d27388